| 000 | 00667nam a2200265Ia 4500 | ||
|---|---|---|---|
| 005 | 20250425162048.0 | ||
| 008 | 250425s9999 xx 000 0 und d | ||
| 020 | _a0120864509 | ||
| 041 | _aeng | ||
| 082 | _a641.1 | ||
| 100 | _aBENDER, ARNOLD E. | ||
| 245 | 0 | _aFOOD PROCESSING AND NUTRITION | |
| 250 | _a1A. ED | ||
| 260 | _aLONDON | ||
| 260 |
_aReino Unido _bACADEMIA PRESS _c1978 |
||
| 300 | _a243 | ||
| 500 | _aFood science and technology. CONSULTAR inv.25235 EN BIBTEC | ||
| 650 | _aHIDRATOS DE CARBONO | ||
| 650 | _aNUTRICION | ||
| 650 | _aPROTEINAS | ||
| 650 | _aVALOR NUTRITIVO | ||
| 650 | _aVITAMINAS | ||
| 942 | _c01 | ||
| 010 | _a45326 | ||
| 999 |
_c221587 _d221587 |
||